Rozvoj manažérskych interkultúrnych komunikačných zručností

Zmeny v hospodárstve a spoločnosti ako determinanty rozvoja interkultúrnej manažérskej komunikácie. Vymedzenie a obsah manažérskej interkultúrnej komunikácie. Projekt rozvoja manažérskej interkultúrnej komunikácie. Manažérska interkultúrna komunikácia ako predmet štúdia. Hlavné vzdelávacie okruhy pr...

Ausführliche Beschreibung

Gespeichert in:
Bibliographische Detailangaben
1. Verfasser: Szarková, Miroslava, 1951-
Format: Buchkapitel
Sprache:Slowakisch
Schlagworte:
Tags: Tag hinzufügen
Keine Tags, Fügen Sie das erste Tag hinzu!

MARC

LEADER 00000naa$a2200000$$$4500
001 0251449
005 20240502083719.6
041 0 |a slo 
044 |a CZ 
245 1 0 |a Rozvoj manažérskych interkultúrnych komunikačných zručností  |c Miroslava Szarková 
520 |a Zmeny v hospodárstve a spoločnosti ako determinanty rozvoja interkultúrnej manažérskej komunikácie. Vymedzenie a obsah manažérskej interkultúrnej komunikácie. Projekt rozvoja manažérskej interkultúrnej komunikácie. Manažérska interkultúrna komunikácia ako predmet štúdia. Hlavné vzdelávacie okruhy predmetu. 
610 2 0 |a komunikácia interkultúrna 
610 2 0 |a komunikácia manažérska 
610 2 0 |a prostredie pracovné 
610 2 0 |a zručnosti 
610 2 0 |a kompetencie komunikačné 
610 2 0 |a kompetencie interkultúrne 
610 2 0 |a kompetencie manažérske 
610 2 0 |a vzdelávanie 
610 2 0 |a predmety učebné 
100 1 |a Szarková, Miroslava, 1951-